Statistics for Countries with Common 4-Letter Groups

Click here to take the quiz!

General Stats

  • This quiz has been taken 2,943 times
    (2,354 since last reset)
  • The average score is 12 of 20

Answer Stats

Answer% Correct
Mali
97%
Oman
97%
Barbados
93%
Ghana
92%
Afghanistan
84%
Angola
83%
Senegal
79%
Somalia
79%
Mongolia
75%
Colombia
73%
Paraguay
69%
Solomon Islands
57%
Romania
50%
Antigua and Barbuda
37%
Thailand
35%
Indonesia
32%
Nicaragua
28%
Micronesia (Fed. States.)
23%
Montenegro
18%
Sri Lanka
13%

Score Distribution

Percentile by Number Answered

Percent of People with Each Score

Your Score History

You have not taken this quiz since the last reset